De Adviento a Pentecostés. Historia, teología, liturgia y espiritualidad a la luz del Misal Romano.

Guardat en:
Dades bibliogràfiques
Autor principal: Reagan, Patrik (autor)
Format: Desconegut
Publicat: Barcelona, España: Centre de Pastoral Litúrgica, 2020.
Edició:Primera edición
Col·lecció:Biblioteca Litúrgica
Matèries:
Etiquetes: Afegir etiqueta
Sense etiquetes, Sigues el primer a etiquetar aquest registre!

MARC

LEADER 00000 a2200000 4500
003 CL-VaPUC
005 20240122152838.0
008 221024t2020 ||||| |||| 00| 0 eng d
999 |c 438827  |d 438825 
020 |a 978-84-9165-374-5 
040 |c Pontificia Universidad Católica de Valparaíso 
082 |2 22  |a 263.9 REA 2020 
100 |a Reagan, Patrik  |9 876793  |e autor 
245 |a De Adviento a Pentecostés.  |b Historia, teología, liturgia y espiritualidad a la luz del Misal Romano. 
250 |a Primera edición 
260 |a Barcelona, España:   |b Centre de Pastoral Litúrgica,   |c 2020. 
300 |a 342 páginas. 
490 |a Biblioteca Litúrgica  |n  62. 
583 |k GC  |c 20221024 
650 0 |a Año litúrgico  |x Celebraciones litúrgicas  |x Cristianismo   |9 345616 
650 0 |a Adviento   |x Historia  |9 869860 
650 0 |9 313600  |a Pentecostés   |x Historia  
650 0 |9 399326  |a Cuaresma   |x Liturgia  
650 0 |9 878020  |a Pascua   |x Liturgia  
942 |2 ddc  |c BK 
952 |0 0  |1 0  |2 ddc  |4 0  |6 263_900000000000000_REA_2020  |7 0  |8 A  |9 587365  |a BIBTEO  |b BIBTEO  |c GEN  |d 2022-10-18  |e 3  |g 29599.00  |i 5655264  |o 263.9 REA 2020  |p 5655264  |r 2025-01-17  |t 1  |v 29599.00  |w 2022-10-18  |y BK  |k ICR